00000000nam 2200000zi 4500
0019.957469
003CaOODSP
00520251128160900
006m     o  d f      
007cr |n|||||||||
008251120t20042004oncda   ofbi f|0| 0 eng d
020 |z0662379845
040 |aCaOODSP|beng|erda|cCaOODSP
043 |an-cn---
0861 |aNM95-59/11-2004E-PDF|zNM95-59/11-2004E
1001 |aSelwyn, Lyndsie, |eauthor.
24510|aMetals and corrosion : |ba handbook for the conservation professional / |cLyndsie Selwyn.
264 1|aOttawa ON : |bCanadian Conservation Institute = Institut canadien de conservation, |c2004.
264 4|c©2004
300 |a1 online resource (223, [1] pages) : |bcharts, illustrations
336 |atext|btxt|2rdacontent
337 |acomputer|bc|2rdamedia
338 |aonline resource|bcr|2rdacarrier
500 |aIssued also in French under title: Métaux et corrosion : un manuel pour le professionnel de la conservation.
504 |aIncludes bibliographical references and an index.
650 0|aMetals|xCorrosion fatigue|zCanada|vHandbooks, manuals, etc.
650 0|aMetals|xConservation|zCanada|vHandbooks, manuals, etc.
650 0|aMuseum conservation methods|zCanada.
655 7|aHandbooks and manuals|2lcgft
7102 |aCanadian Conservation Institute, |eissuing body.
77508|tMétaux et corrosion : |w(CaOODSP)9.957471
85640|qPDF|s39 MB|uhttps://publications.gc.ca/collections/collection_2025/pch/NM95-59-11-2004-eng.pdf